000 01304nam a22003617a 4500
003 CHAP
005 20220329135625.0
008 971013s1995 r 00010 d
010 _a39494
011 _a40466
035 _a44591
040 _cCHAP
090 _aTesis
100 0 0 _aMartínez López, Víctor Hugo.
_972242
245 _aModelo de optimización y análisis de los efectos de la sobreexplotación del acuífero del Valle de Texcoco
260 _aChapingo, Méx. :
_bEl autor,
_c1995
300 _a107 h.
502 _aTesis (Ing. Agr. Esp. en Irrigación) -- UACH. Departamento de Irrigación
590 _aALEPH
_b10
_c20130110
_lUCH01
_h1307
590 _aBATCH-UPD
_b10
_c20130110
_lUCH01
_h2000
590 _aBATCH-UPD
_b10
_c20130410
_lUCH01
_h1320
590 _aBATCH-UPD
_b10
_c20130914
_lUCH01
_h1941
590 _aCONVERSION
_b10
_c20130109
_lUCH01
_h1322
650 1 4 _aAgua subterranea
_zMexico (Edo.).
_92488
650 1 4 _aAgua
_xAbastecimiento
_xMexico (Edo.)
_92252
650 1 4 _aAgua
_xConservacion
_xMexico (Edo.)
_92331
650 1 4 _aAgua
_xDistribucion
_xMexico (Edo.)
_92369
700 0 _aMontes Ramírez, Noé.
_977896
901 _aBK
942 _cFOLL
949 _bBC
_cTES
_d-102208
_eTS1
_h27913
_i44591
_si
949 _bBC
_cTES
_d33724000005948
_eTS2
_fc.2
_h27914
_i44591
_si
999 _c39494
_d39494